| 000 | 00702nam a2200253Ia 4500 | ||
|---|---|---|---|
| 008 | 160303s9999 xx 000 0 und d | ||
| 020 | _a971-21-1448-9 | ||
| 050 | _aFIL KPM 1079 | ||
| 050 | _b.A3B35 2004 | ||
| 100 | _aBaldago, Lily Ann R. | ||
| 245 | _aPhilippine nursing act of 2002 : | ||
| 245 | _bannotated / | ||
| 245 | _cLily Ann R. Baldago | ||
| 260 | _aPasig City, PH : | ||
| 260 | _bAnvil Publishing, inc. | ||
| 260 | _c2004 | ||
| 300 | _a170 pages : | ||
| 300 | _c26 cm. | ||
| 500 | _aIncludes bibliographical references. | ||
| 650 | _aMedical laws and legislation -- | ||
| 650 | _aNursing -- | ||
| 650 | _x Law and legislation -- Philippines. | ||
| 650 | _xPhilippines. | ||
| 999 |
_c291448 _d291448 |
||